Do more faster in India : techstars lessons to accelerate your startup (Record no. 294061)

MARC details
000 -LEADER
fixed length control field 00459nam a2200169Ia 4500
005 - DATE AND TIME OF LATEST TRANSACTION
control field 20241108140934.0
008 - FIXED-LENGTH DATA ELEMENTS--GENERAL INFORMATION
fixed length control field 240126s9999 xx 000 0 und d
020 ## - INTERNATIONAL STANDARD BOOK NUMBER
International Standard Book Number 9789388991025
082 ## - DEWEY DECIMAL CLASSIFICATION NUMBER
Classification number 150 COH;1 R
100 ## - MAIN ENTRY--PERSONAL NAME
Personal name Cohen, David G. Feld, Brad.
245 #0 - TITLE STATEMENT
Title Do more faster in India : techstars lessons to accelerate your startup
250 ## - EDITION STATEMENT
Edition statement 2nd ed.
260 ## - PUBLICATION, DISTRIBUTION, ETC. (IMPRINT)
Name of publisher, distributor, etc. Wiley
Place of publication, distribution, etc. New Delhi
Date of publication, distribution, etc. 2020
300 ## - PHYSICAL DESCRIPTION
Extent xlii, 374
440 ## - SERIES STATEMENT/ADDED ENTRY--TITLE
Title NULL
942 ## - ADDED ENTRY ELEMENTS (KOHA)
Koha item type PESU Books
Holdings
Date last seen Total Checkouts Full call number Accession number Volume/Issue Number Cost, replacement price Price effective from Category Lost status Source of classification or shelving scheme Damaged status Department Withdrawn status bill no. Permanent Location Current Location Shelving location Entry date Vendor Cost, normal purchase price Grants Currency symbol Conversion rate Discount Discount type
26/01/2024   150 COH;1 R PU12629 (12/07/1905) 503.28 26/01/2024 PESU Books   Dewey Decimal Classification       KLBH/60/2022-23 Central Library Central Library BBA 23/06/2022 KL Book House 699.00 BBA RS 1 28 Percentage

© For any Suggestions or Query, please contact the library staff @ librarian@pes.edu or Phone: +9180 2672 1983/ 2108.